000 00744cam a22002294a 4500
001 13366321
005 20180312103711.0
008 031007s2005 njua 001 0 eng
010 _a 2003021983
020 _a0131423940
040 _aDLC
_cDLC
_dDLC
_dDLC
041 _aeng
042 _apcc
080 _a004.16 EVA
082 0 0 _a004.16 EVA
_222
100 1 _a28
101 _aSHK
245 1 0 _aTechnology in action /
_cAlan Evans, Kendall Martin, Mary Anne Poatsy.
906 _a7
_bcbc
_corignew
_d1
_eecip
_f20
_gy-gencatlg
942 _2ddc
_cBK
999 _c44796
_d44796